000 00604nam a2200205Ia 4500
005 20250508162658.0
008 008 250505s9999 xx 000 0 eng d
020 _a0-306-42876-8
037 _aTextual
040 _aFEDL
_beng
_cFEDL
041 _aeng
_2eng
084 _a370.19, SAN
_qFEDL
100 _aSandefur Gary D. Ed.
_9773787
245 0 _aDivided opportunities : Minorities, poverty, and social policy
260 _aNew York, USA
_bPlenum Press
_c1988
300 _axv,279p.
650 _aEducation-Sociology
942 _cTEXL
_h370.19, SAN
999 _c1378008
_d1378008